| 000 | 00912nas a2200301 4500 | ||
|---|---|---|---|
| 001 | BR0201508 | ||
| 003 | BR-BrBNA | ||
| 005 | 20231205102820.0 | ||
| 007 | ta | ||
| 008 | 230509b bl.|||p| |||| 00| 00por d | ||
| 040 |
_aBR-BrBNA _bpor _cBiblioteca Nacional de Agricultura |
||
| 041 | _a(Pt) | ||
| 072 | _aL02 | ||
| 100 | 1 | _aAlves, M.L.T.M.F. | |
| 100 | 1 | _aNishida, S.M. | |
| 100 | 1 | _aCosta, C. | |
| 100 | 1 | _aAlvite, C.M. | |
| 100 | 1 | _aFunari, S.R.C. | |
| 245 | 1 | _aFormas de apresentação do capim Elefante (Pennisetum purpureum, Schum.)sobre o consumo por capivaras criadas em cativeiro | |
| 650 | _aCapivara | ||
| 650 | _aCapim Elefante | ||
| 650 | _aConsumo Alimentar | ||
| 650 | _aFeno | ||
| 650 | _aSilagem | ||
| 773 | 0 |
_tBoletim de Indústria Animal (Brazil) _xISSN 0067-9615 _g(2001), v. 58(2) p. 169-180 _wBR0201508 |
|
| 909 |
_a202311 _bLúcia _c55 _dLúcia Elande |
||
| 942 |
_2AGRIS _n0 _cANA |
||
| 999 |
_c169478 _d169478 |
||